zpět

Detail výsledku týmu

MusiClub Drago, Nový Jičín

Datum a čas kvízu

28.5 Celkem bodů Celkový počet nahraných bodů na tomto kvízu bez doplňovacích otázek.
5. Pořadí na kvízu Konečné umístění týmu na tomto kvízu.

Zaznamenané odpovědi

# Otázka Odpověď Body Výsledky
1. Neustálé zdražování služeb Čes... Zásilkovna 1
2. S délkou těla téměř čtyři cent... o včelu 1
3. Krimikomedii Úhoři mají nabito... Vladimír Michálek 0
4. Jak se nazývá země, jejíž auto... Izrael 1
5. Kterému z těchto týmů se nepod... C 1
6. Cestovatel Miroslav Zikmund os... Tatra 87 0
7. Dne 31. července 1947, což byl... Tobruk 1
8. Dne 28. ledna 1948 vztyčili ce... C 0
9. V prvním červencovém týdnu se... Buenos Aires 0
10. Kdo by se chtěl o výpravách ob... ve Zlíně 1